<?xml version="1.0" encoding="UTF-8"?>
<collection xmlns="http://www.loc.gov/MARC21/slim">
 <record>
  <leader>01709nam a2200217Ia 4500</leader>
  <controlfield tag="001">CTU_206931</controlfield>
  <controlfield tag="008">210402s9999    xx            000 0 und d</controlfield>
  <datafield tag="020" ind1=" " ind2=" ">
   <subfield code="c">18.69</subfield>
  </datafield>
  <datafield tag="082" ind1=" " ind2=" ">
   <subfield code="a">658.872</subfield>
  </datafield>
  <datafield tag="082" ind1=" " ind2=" ">
   <subfield code="b">H793</subfield>
  </datafield>
  <datafield tag="100" ind1=" " ind2=" ">
   <subfield code="a">Hopkins, Jeanne</subfield>
  </datafield>
  <datafield tag="245" ind1=" " ind2="0">
   <subfield code="a">Go mobile :</subfield>
  </datafield>
  <datafield tag="245" ind1=" " ind2="0">
   <subfield code="b">Location-based marketing, apps, mobile optimized ad campaigns, 2D codes and other mobile strategies to grow your business</subfield>
  </datafield>
  <datafield tag="245" ind1=" " ind2="0">
   <subfield code="c">Jeanne Hopkins, Jamie Turner</subfield>
  </datafield>
  <datafield tag="260" ind1=" " ind2=" ">
   <subfield code="a">Hoboken, N.J.</subfield>
  </datafield>
  <datafield tag="260" ind1=" " ind2=" ">
   <subfield code="b">Wiley</subfield>
  </datafield>
  <datafield tag="260" ind1=" " ind2=" ">
   <subfield code="c">2012</subfield>
  </datafield>
  <datafield tag="520" ind1=" " ind2=" ">
   <subfield code="a">Set-up, run, and measure successful mobile media marketing campaigns Go Mobile is packed with tools, tips, and techniques that will help readers set-up, launch, run, and measure mobile media campaigns. This book will help readers understand the different mobile media platforms, learn how to us SMS for business, incorporate 2D and QR Codes into their campaigns, develop mobile websites and mobile apps, see case studies, and much more.Go Mobile offers practical, step-by-step guidance for implementing a mobile marketing campaign. Readers will learn how to: Use location-based marketing to get new customers and keep existing ones Integrate social media with your mobile media campaign Use mobile E-commerce to improve brand loyalty Measure the ROI of a mobile media campaign Develop mobile media business models you can use to grow revenues With these effective, efficient, and integrated mobile marketing campaigns, business owners and marketers will garner enviable response rates and watch their revenue grow more rapidly than ever before</subfield>
  </datafield>
  <datafield tag="650" ind1=" " ind2=" ">
   <subfield code="a">Internet marketing,Tiếp thị Internet</subfield>
  </datafield>
  <datafield tag="904" ind1=" " ind2=" ">
   <subfield code="i">Hải</subfield>
  </datafield>
  <datafield tag="980" ind1=" " ind2=" ">
   <subfield code="a">Trung tâm Học liệu Trường Đại học Cần Thơ</subfield>
  </datafield>
 </record>
</collection>
